000 01009nam a22003257a 4500
001 BR9704644
003 BR-BrBNA
005 20230928095735.0
007 ta
008 230509b bl.||||| |||| 00| 0 por d
040 _aBR-BrBNA
_bpor
_cBiblioteca Nacional de Agricultura
041 _a(Spa, Por)
072 _aF01; E10
_b0600
090 _ 0600 BR9704644
110 1 _aCoordenadoria de Assistencia Tecnica Integral, Campinas, SP (Brasil)
111 1 _a1. Seminario de Fruticultura na America Latina
_cCampinas, SP (Brazil)
_d23-25 Sep 1997
245 1 _a1. Seminario de Fruticultura na America Latina; anais
260 3 _aCampinas, SP (Brasil):
_c1997.
300 _a320 p.
500 _aIncludes Bibliography
650 _aFruticultura
650 _aEstatistica de Producao
650 _aEstatistica Agricola
650 _aComercializacao
650 _aCusto de Producao
650 _aQuarentena
650 _aComercio Exterior
909 _a202309
_bLucia
_c55
_dLucia Elande
942 _cBK
999 _c58387
_d58387